GRAPH ISOMORPHISM OF ORDERED SETS

Bibliographic Details
Main Author: Ratanaprasert, Chawewan (Author)
Format: Article
Language:English

MARC

LEADER 00000nab a2200000uu 4500
001 vtls011450699
003 SK-MaSNL
005 20260303151310.0
008 230222|2002 xo |||||||||||||||||eng|
015 |a SNBRB 
035 |a (urnnbn)urn:nbn:sk:snk:ar-006jxk 
035 |a (uuid)8a9422fc-4c8c-4c79-96b8-7c17780dcf98 
035 |a urn:nbn:sk:snk-abcmtu 
040 |a SNKBUCL  |b slo  |c SNKBUCL  |e AACR2 
041 0 |a eng 
044 |a xo  |c SK 
100 1 |a Ratanaprasert, Chawewan  |4 aut  |9 1170693 
245 1 0 |a GRAPH ISOMORPHISM OF ORDERED SETS  |c Chawewan Ratanaprasert 
773 0 |t Mathematica Slovaca  |g Roč. 52, č. 5 (2002), s. 491-499 
958 |a OND 
958 |a EUIPO 
958 |a article16 
999 |c 2017005  |d 2018935